Movies Quiz

Random Movies or Clickable Quiz

Backward Best Picture Match-Up Quiz Stats

 Plays Quiz Updated Jan 20, 2018

Challenge
Share
Tweet
Score 0/24 Timer 04:00
0 Plays Today
% Correct
ACNAL
94.1%
TRAEH
92.6%
THGI
89.7%
RUH-
85.7%
CIN
85.6%
NEVIG
82.8%
OGAC
80.7%
THGIL
80.3%
NOOT
76.2%
ROTAI
75.7%
NOT
75.4%
IG
73.3%
% Correct
TEL
71%
OG
70.6%
HS
70.2%
IHD
69.8%
REV
69.7%
YK
69.6%
SUED
63.8%
EDAC
62.7%
SGN
58.6%
NORR
56%
YT
54.7%
ACCE
53.3%

You're not logged in!

Compare scores with friends on all Sporcle quizzes.
OR
Log In

You Might Also Like...

Show Comments

Extras

Top Quizzes Today


Score Distribution

Your Account Isn't Verified!

In order to create a playlist on Sporcle, you need to verify the email address you used during registration. Go to your Sporcle Settings to finish the process.

Report this User

Report this user for behavior that violates our Community Guidelines.

Details: